000 00541 a2200169 4500
003 OSt
005 20240313104827.0
008 231103b |||||||| |||| 00| 0 eng d
020 _a9789639541564
040 _coclc
082 _a346.176
_bHAS/S
100 _aHassan, Abdullah Alwi Haji
_99814
245 _aSales And Contracts In Early Islamic Commercial Law /
_cAbdullah Alwi Haji Hassan
260 _aKaula Lumpur:
_bThe Other Press,
_c2007.
300 _a297 p
942 _2ddc
_cBK
_h346.176
_iHAS/S
_k346.176
_mHAS/S
999 _c42764
_d42764